| 000 | 004940000a22001810004500 | ||
|---|---|---|---|
| 090 |
_aAR _b03634 |
||
| 245 | 1 | 0 |
_aEspecie _s¿es o son? |
| 650 | 1 | 4 |
_aFilogenética _94310 |
| 650 | 1 | 4 |
_aEvolución _992797 |
| 650 | 1 | 4 |
_aEcología _992250 |
| 650 | 1 | 4 |
_aSistemática _93510 |
| 041 | 0 | _aEspañol | |
| 700 | 1 |
_aHoyos, Julio Mario _993005 |
|
| 700 | 1 |
_aMiranda, Daniel Rafael _997364 |
|
| 100 | 1 |
_aFernández, Fernando _91456 |
|
| 942 | _cARTICULO | ||
| 773 | 1 |
_tInnovación y Ciencia _h1 _q32-37 _d1995 _g4 |
|
| 999 |
_c12682 _d12682 |
||